LEADER 05725nam1 22007453i 450 001 MIL0019073 005 20231121125527.0 100 $a20010725g1957 ||||0itac50 ba 101 | $agrc$afre$cgrc 102 $afr 181 1$6z01$ai $bxxxe 182 1$6z01$an 200 1 $aVies$fPlutarque 210 $aParis$cLes belles lettres 215 $avolumi$d20 cm 225 | $aCollection des universités de France 300 $aTesto originale a fronte 312 $aTit. unif.: Vitae parallelae$9MIL0019075 410 0$1001CFI0082639$12001 $aCollection des universités de France 463 1$1001LO10457031$12001 $a˜1: œThésée-Romulus$aLycurgue-Numa$fPlutarque$gtexte établi et traduit par Robert Flacelière, Émile Chambry e Marcel Juneaux$v1 463 1$1001LO10457040$12001 $a˜2: œSolon-Publicola$aThémistocle-Camille$fPlutarque$gtexte établi et traduit par Robert Flacelière, Émile Chambry et Marcel Juneaux$v2 463 1$1001LO10457044$12001 $a˜3: œPériclès$aFabius Maximus$aAlcibiade$aCoriolan$fPlutarque$gtexte établi et traduit par Robert Flacelière et Émile Chambry$v3 463 1$1001MIL0019076$12001 $a˜Tome 16: œIndex des noms propres$fétabli par Édouard Simon$v16 463 1$1001MIL0251145$12001 $a˜Tome 5: œAristide-Caton l'Ancien$aPhilopoemen-Flamininus$fPlutarque$gtexte établi et traduit par Robert Flacelière et Émile Chambry$v5 463 1$1001MIL0251416$12001 $a˜Tome 6: œPyrrhos-Marius$aLysandre-Sylla$fPlutarque$gtexte établi et traduit par Robert Flacelière et Émile Chambry$v6 463 1$1001MIL0251740$12001 $a˜Tome 7: œCimon-Lucullus$aNicias-Crassus$fPlutarque$gtexte établi et traduit par Robert Flacelière et Émile Chambry$v7 463 1$1001MIL0252041$12001 $a˜Tome 8: œSertorius-Eumène$aAgésilas-Pompée$fPlutarque$gtexte établi et traduit par Robert Flacelière et Émile Chambry$v8 463 1$1001MIL0252329$12001 $a˜Tome 9: œAlexandre-César$fPlutarque$gtexte établi et traduit par Robert Flacelière et Émile Chambry$v9 463 1$1001MIL0252343$12001 $a˜Tome 10: œPhocion-Caton le Jeune$fPlutarque$gtexte établi et traduit Robert Flacelière et Émile Chambry$v10 463 1$1001MIL0252441$12001 $a˜Tome 11: œAgis-Cléomène$aLes Gracques$fPlutarque$gtexte établi et traduit par Robert Flacelière et Émile Chambry$v11 463 1$1001MIL0253895$12001 $a˜Tome 12: œDémosthène-Cicéron$fPlutarque$gtexte établi et traduit par Robert Flacelière et Émile Chambry$v12 463 1$1001MIL0253928$12001 $a˜Tome 13: œDémétrios-Antoine$fPlutarque$gtexte établi et traduit par Robert Flacelière et Émile Chambry$v13 463 1$1001MIL0253942$12001 $a˜Tome 15: œArtaxerxès-Aratos$aGalba-Othon$fPlutarque$gtexte établi et traduit par Robert Flacelière et Émile Chambry$v15 463 1$1001PUV0586351$12001 $a˜3: œPériclès-Fabius Maximus$aAlcibiade-Coriolan$fPlutarque$gtexte établi et traduit par Robert Flacelière et Emile Chambry$v3 463 1$1001TO00555054$12001 $a˜4: œTimoléon$aPaul Émile$aPélopidas$aMarcellus$fPlutarque$gtexte établi et traduit par Robert Flacelière et Émile Chambry$v4 463 1$1001TO00555191$12001 $a˜Tome 14: œDion-Brutus$fPlutarque$gtexte établi et traduit par Robert Flacelière et Émile Chambry$v14 463 1$1001UFI0319119$12001 $a˜2: œSolon-Publicola$aThémistocle-Camille$fPlutarque$gtexte établi et traduit par Robert Flacelière, Émile Chambry & Marcel Juneaux$v2 463 1$1001UMC0065037$12001 $a˜1: œThésée-Romulus$aLycurgue-Numa$fPlutarque$gtexte établi et traduit par Robert Flacelière, Emile Chambry & Marcel Juneaux$v1 500 10$aVitae parallelae$3MIL0019075$9CFIV005487$93008435 606 $aPlutarco . Vite parallele$xEdizioni critiche$2FIR$3RMLC445912$9E 676 $a920.037$9Biografie. Raccolte. Penisola italiana e territori limitrofi. Antichità.$v22 676 $a920.038$9Biografie. Raccolte. Grecia, fino al 323.$v22 700 0$aPlutarchus$3CFIV005487$4070$0439241 790 0$aPloytarchoy$3CFIV259063$zPlutarchus 790 0$aPlutarque$3CFIV259064$zPlutarchus 790 0$aPlutarch$3CFIV259065$zPlutarchus 790 0$aPlutarth$3CFIV259066$zPlutarchus 790 0$aPlutarco$3CFIV259071$zPlutarchus 790 0$aPloutarkhos$3SBNV036198$zPlutarchus 801 3$aIT$bIT-01$c20010725 850 $aIT-RM028 $aIT-RM0289 $aIT-RM0290 $aIT-RM0313 $aIT-RM0281 $aIT-RM0418 $aIT-FR0084 $aIT-FR0017 899 $aBiblioteca Universitaria Alessandrina$bRM028 899 $aBiblioteca Statale A. Baldini$bRM0289 899 $aBIBLIOTECA ANGELICA$bRM0290 899 $aBIBLIOTECA CASANATENSE$bRM0313 899 $aBIBLIOTECA VALLICELLIANA$bRM0281 899 $aBIBLIOTECA ACCADEMIA NAZ. DEI LINCEI E CORSINIANA$bRM0418 899 $aBiblioteca Del Monumento Nazionale Di Montecassino$bFR0084 899 $aBiblioteca umanistica Giorgio Aprea$bFR0017 912 $aMIL0019073 950 1$aBiblioteca umanistica Giorgio Aprea$d 52BLG Plu.Vit.1.1$d 52BLG Plu.Vit.1.2$d 52BLG Plu.Vit.1.3$d 52BLG Plu.Vit.1.4$d 52BLG Plu.Vit.1.5$d 52BLG Plu.Vit.1.7$d 52BLG Plu.Vit.1.6$d 52BLG Plu.Vit.1.8$d 52BLG Plu.Vit.1.9$d 52BLG Plu.Vit.1.10$d 52BLG Plu.Vit.1.11$d 52BLG Plu.Vit.1.12$d 52BLG Plu.Vit.1.13$d 52BLG Plu.Vit.1.14$d 52BLG Plu.Vit.1.15$d 52BLG Plu.Vit.1.16 967 $m19 977 $a 01$a 04$a 06$a 07$a 08$a 10$a 25$a 52 996 $aVitae parallelae$93008435 997 $aUNICAS LEADER 02669nam 2200481 450 001 9910816367603321 005 20230213222650.0 010 $a3-11-161082-9 024 7 $a10.1515/9783111610825 035 $a(CKB)3710000000772934 035 $a(MiAaPQ)EBC5117783 035 $a(DE-B1597)76331 035 $a(OCoLC)979767751 035 $a(DE-B1597)9783111610825 035 $a(Au-PeEL)EBL5117783 035 $a(CaPaEBR)ebr11605050 035 $a(OCoLC)1051140165 035 $a(EXLCZ)993710000000772934 100 $a20180920d1881 uy 0 101 0 $ager 135 $aurcnu|||||||| 181 $ctxt$2rdacontent 182 $cc$2rdamedia 183 $acr$2rdacarrier 200 10$aTheorie und Praxis des Heutigen Gemeinen Preussischen Privatrechts auf der Grundlage des Gemeinen Deutschen Rechts$hI. Band /$fFranz Fo?rster ; herausgegeben M. E. Eccius 205 $aBierte, vera?nderte Auflage. 210 1$aBerlin :$cDruck und Verlag von G. Reimer,$d1881. 215 $a1 online resource (964 pages) 225 0 $aTheorie und Praxis des heutigen gemeinen preußischen Privatrechts auf der Grundlage des gemeinen deutschen Rechts ;$vBand 1, Abt. 1 311 $a3-11-123535-1 327 $tFrontmatter -- $tVorwort -- $tErklärung der abgekürzten Citate -- $tUebersicht des Systems -- $tInhaltsverzeichnis -- $tEinleitung -- $tErstes Buch. Die Grundbegriffe -- $tErster Theil. Das Recht -- $tErstes Kapitel -- $tZweites Kapitel -- $tDrittes Kapitel -- $tViertes Kapitel -- $tZweiter Theil. Die Berechtigung -- $tErstes Kapitel -- $tZweites Kapitel -- $tDrittes Kapitel. Das Rechtsobjekt -- $tViertes Kapitel. Die rechtliche Beziehung des Rechtssubjekts auf das Objekt -- $tZweites Buch. Die besonderen Privatrechte -- $tErster Theil. Die persönlichen Rechte oder die Lehre von den Schuldverhältnissen -- $tErster Hauptstück. Die Grundlehren -- $tErster Abschnitt. Allgemeines -- $tZweiter Abschnitt. Die persönliche Theilnahme -- $tDritter Abschnitt. Die Leistung -- $tVierter Abschnitt. Die Begründung -- $tFünfter Abschnitt. Die Lösung -- $tSechster Abschnitt. Die Veränderung -- $tSiebenter Abschnitt. Der gerichtliche Schutz -- $tNachträge und Berichtigungen zu Abtheilung I 606 $aCivil law$zGermany$zPrussia 615 0$aCivil law 676 $a340.0943 700 $aFo?rster$b Franz$0412501 702 $aEccius$b Max Ernst 801 0$bMiAaPQ 801 1$bMiAaPQ 801 2$bMiAaPQ 906 $aBOOK 912 $a9910816367603321 996 $aTheorie und Praxis des Heutigen Gemeinen Preussischen Privatrechts auf der Grundlage des Gemeinen Deutschen Rechts$93914729 997 $aUNINA